000 00333nam a2200145Ia 4500
008 150201s2010 xx 000 0 und d
082 _a603
_bJ10P
100 _aPANDA , U.N.
245 _aJAYPEE'S MIDWIFERY DICTONARY
250 _a1ST
260 _bJAYPEE
_aDELHI
_c2010
300 _a185
650 _aDICTIONARY
942 _2ddc
_cBK
999 _c2121
_d2121